| 000 | 00864nam a2200265 a 4500 | ||
|---|---|---|---|
| 999 |
_c792 _d792 |
||
| 008 | 191031s2010 ii a|||g |||| 001 0 eng d | ||
| 020 |
_a9788131732137 _cRs. 675.00 |
||
| 040 |
_aKO _beng |
||
| 041 | 0 | _aeng | |
| 044 | _aii | ||
| 082 | 0 | 4 |
_223 _a620.00420285 _bC1139 |
| 110 | 2 | _aCADCIM Technologies | |
| 245 | 1 | 0 |
_aAutoCAD Electrical 2010 : _bfor Engineers / _cCADCIM Technologies, Sham Tickoo, Shafali Pandita |
| 260 |
_aNew Dellhi : _bDorling Kindersley (India) Pvt Ltd, _c2010 |
||
| 300 |
_aVarious pagination : _bill. ; _c23 cm. |
||
| 504 | _aIncludes index. | ||
| 650 | 0 |
_aComputer graphics -- Software _vTextbooks |
|
| 650 | 0 |
_aElectrical engineering -- Software _vTextbooks |
|
| 650 | 0 |
_aComputer-aided design -- Software _vTextbooks |
|
| 700 | 1 |
_aTickoo, Sham _eaut |
|
| 700 | 1 |
_aPandita, Shafali _eaut |
|
| 904 | _aS_JOY | ||
| 942 | _cBK | ||